The metaphysical confederacy : James Henley Thornwell and the synthesis of southern values /

Bibliographic Details
Main Author: Farmer, James Oscar, 1943-
Format: Book
Language:English
Published: Macon, GA : Mercer University Press, [1986]
Subjects:

MARC

Tag First Indicator Second Indicator Subfields
LEADER 00000cam a2200000 a 4500
001 in00000776621
005 20151017061045.0
008 860114s1986 gauc b 00110beng
010 |a  86000770  
020 |a 0865541825 (alk. paper) :  |c $24.50 
035 |a (OCoLC)13000302 
035 |9 ADM5541AM 
040 |a DLC  |c DLC  |d TXA  |d UtOrBLW 
043 |a n-us-sc 
049 |a TXAM  |c [A11882933] 
050 0 0 |a BX9225.T64  |b F37 1986 
082 0 |a 285/.1/0924  |a B  |2 19 
100 1 |a Farmer, James Oscar,  |d 1943- 
245 1 4 |a The metaphysical confederacy :  |b James Henley Thornwell and the synthesis of southern values /  |c by James Oscar Farmer, Jr. 
264 1 |a Macon, GA :  |b Mercer University Press,  |c [1986] 
264 4 |c ©1986 
300 |a 295 pages :  |b portrait ;  |c 24 cm. 
336 |a text  |b txt  |2 rdacontent 
337 |a unmediated  |b n  |2 rdamedia 
338 |a volume  |b nc  |2 rdacarrier 
500 |a "The Frank S. and Elizabeth D. Brewer prize essay of the American Society of Church History." 
504 |a Includes bibliographical references and index. 
600 1 0 |a Thornwell, James Henley,  |d 1812-1862. 
650 0 |a Presbyterian Church  |z South Carolina  |x Clergy  |x Biography. 
650 0 |a Theologians  |z South Carolina  |x Biography. 
651 0 |a South Carolina  |v Biography. 
650 0 |a Slavery and the church  |x Presbyterian Church. 
650 2 0 |a Presbyterian Church  |z South Carolina  |x Clergy  |x Biography. 
740 0 |a Frank S. and Elizabeth D. Brewer prize essay of the American Society of Church History. 
999 |a MARS 
999 f f |s 86698435-5740-36d0-8d71-122388764636  |i a76371c9-ddad-3e3a-baf7-1606eefedc80  |t 0 
952 f f |p normal  |a Texas A&M University  |b College Station  |c Sterling C. Evans Library  |d Evans: Library Stacks  |t 0  |e BX9225.T64 F37 1986  |h Library of Congress classification  |i unmediated -- volume  |m A14811882933 
998 f f |a BX9225.T64 F37 1986  |t 0  |l Evans: Library Stacks